I was almost WWF/E Womens/Divas Champ(1/1989-5/22/2016) Quiz Stats

 Plays Quiz not verified by Sporcle

Score 0/39 Timer 10:00
0 Plays Today
Title Attempted Diva % Correct
DivasBecky Lynch
87.4%
Women's (New Era)Becky Lynch
87.4%
DivasNaomi
82.4%
DivasNaomi
81.9%
DivasNaomi
81.9%
DivasNaomi
81.4%
DivasNaomi
78.9%
DivasCameron
78%
DivasNaomi
77.3%
DivasTamina Snuka
77.1%
Women's (New Era)Natalya
77%
DivasTamina Snuka
76.2%
DivasTamina Snuka
76.2%
DivasTamina Snuka
75.7%
DivasTamina Snuka
75.7%
DivasCameron
75%
DivasEva Marie
72.4%
Women'sAshley
67.6%
Women'sAshley
67.6%
Women'sStacy Keibler
67.4%
Title Attempted Diva % Correct
Women'sStacy Keibler
67.4%
Women'sTori
65%
Women'sTori
65%
Women'sTori
65%
Women'sMaria
64.8%
Women'sChristy Hemme
64.4%
DivasEmma
63.2%
DivasAksana
63.2%
DivasRosa Mendes
61.8%
DivasSummer Rae
61.2%
DivasGail Kim
60.6%
Women'sKelly Kelly
60%
Women'sLuna Vachon
57.4%
Women'sLuna Vachon
57.4%
Women'sLuna Vachon
57.4%
Women'sNidia
47.7%
Women'sKatie Lea Burchill
47.5%
Women'sB.B.
45.8%
Women'sJudy Martin
35.9%

You're not logged in!

Compare scores with friends on all Sporcle quizzes.
OR
Log In

You Might Also Like...

Show Comments

Extras

Top Quizzes Today


Score Distribution

Your Account Isn't Verified!

In order to create a playlist on Sporcle, you need to verify the email address you used during registration. Go to your Sporcle Settings to finish the process.

Report this User

Report this user for behavior that violates our Community Guidelines.

Details: